000 00303nam a2200121Ia 4500
008 220204s9999 xx 000 0 und d
082 _a011
_bBAH
100 _aBAHM, Archie J
245 0 _aMetaphysics: An introduction
260 _aNew York
_bBarnes & Noble
_c1974
650 _aMetaphysics
942 _cBK
999 _c34085
_d34085